| 000 | 00511nam a2200205Ia 4500 | ||
|---|---|---|---|
| 003 | GCL | ||
| 008 | 140319s9999 xx 000 0 eng d | ||
| 040 |
_aGCL / _cGCL |
||
| 082 | 0 | 4 |
_aCC _b962.16 _bR C |
| 100 | 1 | _aRAYMOND, ANDRE' | |
| 245 | 1 | 0 |
_aLE CAIRE / _cRAYMOND, ANDRE' |
| 260 |
_a[S.N] : _bLIBRAIRIE ARTHEME FAYARD ، _c1983 |
||
| 300 | _a428 | ||
| 650 | 0 | 4 | _aISLAM - ARCHAEOLOGY |
| 650 | 0 | 4 | _aنجد |
| 650 | 0 | 4 | _aISLAM - HISTORY |
| 650 | 0 | 4 | _aEGYPT |
| 650 | 0 | 4 | _aEGYPT - HISTORY |
| 942 |
_2ddc _cBK |
||
| 999 |
_c20198 _d20198 |
||